000 00840nam a2200205 a 4500
001 000023146
005 20210408121938.0
008 101129s1995 sp r 000 | spa d
020 _a8420646806
040 _aDO-SdBNP
_bspa
_cBNPHU
082 _axxx
_bG993d
100 1 _aGuzmán Fernández, Silvestre Antonio,
_d1911-1982
_917126
245 1 0 _aDioses y héroes de la mitología griega /
_cAntonio Guzmán Guerra.
260 _a63 p. ;,
_c15 cm.
300 _a63 p. ;
_c15 cm.
490 _aAlianza Cien;
_v80
500 _a"Textos completos." "Alianza Editorial tiene publicado en su colección El libro de Bolsillo con los números 791 y 792 un completo Diccionario de la mitología clásica elaborado por C. Falcón Martínez, E. Fernández-Galiano y R. López Melero"--P. 63.
830 0 _aAlianza Cien;
_v80
_912832
049 _aBNGR
999 _c22643
_d22643